[Event "TCh-CHN 2016"]
[Site "China CHN"]
[Date "2016.12.05"]
[Round "22.3"]
[Board "2"]
[White "Zhou, Weiqi"]
[Black "Rapport, Richard"]
[Result "0-1"]
[WhiteTitle "GM"]
[BlackTitle "GM"]
[WhiteElo "2635"]
[BlackElo "2717"]
[WhiteTeam "Chongqing"]
[BlackTeam "Chengdu"]
[WhiteFideId "8601674"]
[BlackFideId "738590"]
[EventDate "2016.04.12"]

1. d4 e6 2. c4 c5 3. Nf3 cxd4 4. Nxd4 Nc6 5. Nc3 Nf6 6. a3 Nxd4 7. Qxd4 b6 8. e4
Bc5 9. Qd1 Bb7 10. Bd3 Qb8 11. Qe2 Bc6 12. O-O h5 13. Nd5 Ng4 14. Bf4 Bd6 15.
Bxd6 Qxd6 16. f4 exd5 17. exd5+ Kd8 18. dxc6 Re8 19. Qd2 dxc6 20. h3 Qd4+ 21.
Kh1 Kc7 22. Rae1 Ne3 23. Rf3 Nxc4 24. Qc1 Nxb2 25. Bf1 Rxe1 26. Qxe1 Rd8 27.
Qe7+ Rd7 28. Qg5 Nd1 29. Qxh5 Ne3 30. Be2 Re7 31. Qg5 f6 32. Qg6 c5 0-1

[Event "TCh-CHN 2016"]
[Site "China CHN"]
[Date "2016.12.05"]
[Round "22.3"]
[Board "3"]
[White "Liu, Yan"]
[Black "Li, Di"]
[Result "1/2-1/2"]
[WhiteTitle "FM"]
[BlackTitle "FM"]
[WhiteElo "2413"]
[BlackElo "2420"]
[WhiteTeam "Chongqing"]
[BlackTeam "Chengdu"]
[WhiteFideId "8608962"]
[BlackFideId "8607508"]
[EventDate "2016.04.12"]

1. d4 d5 2. c4 c6 3. Nf3 Nf6 4. e3 e6 5. Bd3 Nbd7 6. b3 Bd6 7. Bb2 b6 8. O-O O-O
9. Nbd2 Bb7 10. e4 dxe4 11. Nxe4 Nxe4 12. Bxe4 Nf6 13. Bc2 c5 14. dxc5 Bxc5 15.
Qe2 Qc7 16. Bxf6 gxf6 17. Be4 Rad8 18. Bxb7 Qxb7 19. Rad1 Qc7 20. Rxd8 Rxd8 21.
Rd1 Rxd1+ 22. Qxd1 Qf4 23. g3 Qe4 24. Kg2 a5 25. Qe1 Qc2 26. Qd2 Qb1 27. Qe2 Kf8
28. Ne1 a4 29. bxa4 Qb4 30. Nf3 Qxa4 31. h3 Qb4 32. Qc2 Kg7 33. Kf1 Qa5 34. Kg2
Qa8 35. Qe2 Kf8 36. Qc2 Kg8 37. Qe2 Kf8 38. Qc2 Ke7 39. Qe2 Qa4 40. Nh4 Qc6+ 41.
Kh2 Kf8 42. Nf3 Qd6 43. Kg2 Qc6 44. Kh2 Qa4 45. Kg2 Qa3 46. Qc2 Ke7 47. Qd2 Qa8
48. Qe2 Qa3 49. Qd2 Ke8 50. Qc2 Qa8 51. Qb2 Ke7 52. Qe2 Qa4 53. Nh4 Qa3 54. Qc2
Qa8+ 55. Nf3 Ke8 56. Qb2 1/2-1/2

[Event "TCh-CHN 2016"]
[Site "China CHN"]
[Date "2016.12.05"]
[Round "22.3"]
[Board "4"]
[White "Ushenina, Anna"]
[Black "Tan, Zhongyi"]
[Result "1/2-1/2"]
[WhiteTitle "GM"]
[BlackTitle "WGM"]
[WhiteElo "2459"]
[BlackElo "2518"]
[WhiteTeam "Chengdu"]
[BlackTeam "Chongqing"]
[WhiteFideId "14110911"]
[BlackFideId "8603642"]
[EventDate "2016.04.12"]

1. d4 Nf6 2. c4 e6 3. Nc3 Bb4 4. Qc2 d5 5. a3 Bxc3+ 6. Qxc3 dxc4 7. Qxc4 b6 8.
Nf3 O-O 9. Bg5 Ba6 10. Qa4 Qd7 11. Qc2 Qc6 12. Qxc6 Nxc6 13. Rc1 Bb7 14. Bxf6
gxf6 15. e3 Rac8 16. Bb5 Nb8 17. Ke2 c6 18. Bd3 a5 19. Rc3 Nd7 20. Rhc1 c5 21.
Bb5 cxd4 22. Nxd4 Nc5 23. f3 a4 24. g4 Rfd8 25. Rb1 Kf8 26. b4 axb3 27. Nxb3
Nxb3 28. Rbxb3 Bd5 29. Rxc8 Rxc8 30. Rb2 Rc3 31. a4 Bc4+ 1/2-1/2

[Event "TCh-CHN 2016"]
[Site "China CHN"]
[Date "2016.12.05"]
[Round "22.3"]
[Board "5"]
[White "Ren, Xiaoyi"]
[Black "Lei, Tingjie"]
[Result "1/2-1/2"]
[BlackTitle "WGM"]
[WhiteElo "2157"]
[BlackElo "2504"]
[WhiteTeam "Chengdu"]
[BlackTeam "Chongqing"]
[WhiteFideId "8608709"]
[BlackFideId "8605114"]
[EventDate "2016.04.12"]

1. Nf3 d5 2. g3 g6 3. Bg2 Bg7 4. d4 Nf6 5. c4 c6 6. O-O O-O 7. cxd5 cxd5 8. Nc3
Ne4 9. Nxe4 dxe4 10. Ne5 Qd5 11. b3 Rd8 12. Bb2 Bf5 13. g4 Be6 14. Qc2 Nc6 15.
Nxc6 bxc6 16. Qxe4 Qxe4 17. Bxe4 Bxg4 18. e3 Rac8 19. b4 f5 20. Bg2 f4 21. Rfc1
fxe3 22. fxe3 Bh6 23. Re1 Bg5 24. Rac1 Bh4 25. Rf1 Bg5 26. Rfe1 Bh4 27. Rf1 Bg5
28. Rfe1 Bh4 29. Rf1 Bg5 30. Rfe1 Bh4 1/2-1/2

[Event "TCh-CHN 2016"]
[Site "China CHN"]
[Date "2016.12.05"]
[Round "22.4"]
[Board "1"]
[White "Lin, Yi"]
[Black "Zhao, Jun"]
[Result "0-1"]
[BlackTitle "GM"]
[WhiteElo "2276"]
[BlackElo "2634"]
[WhiteTeam "Shenzhen"]
[BlackTeam "Shandong"]
[WhiteFideId "8602735"]
[BlackFideId "8602522"]
[EventDate "2016.04.12"]

1. d4 Nf6 2. c4 e6 3. g3 Bb4+ 4. Bd2 Be7 5. Bg2 d5 6. Nf3 O-O 7. O-O c6 8. Qc2
b6 9. Bf4 Bb7 10. Rd1 Nbd7 11. Nc3 dxc4 12. Nd2 Nd5 13. Nxc4 Nxf4 14. gxf4 Rc8
15. Rac1 Qc7 16. e3 Rfd8 17. Qb3 Bf8 18. a3 Nf6 19. Ne5 c5 20. Bxb7 Qxb7 21.
dxc5 Bxc5 22. Rxd8+ Rxd8 23. Rd1 Rc8 24. Rd3 g6 25. Qd1 Be7 26. Qf3 Qxf3 27.
Nxf3 a6 28. Ne5 Kf8 29. Kf1 Ke8 30. Ke2 Rc7 31. h3 Bf8 32. Kf3 Be7 33. Ke2 b5
34. Kf3 Ng8 35. Ke2 Nh6 36. Ne4 f6 37. Nf3 Nf7 38. Rc3 Rxc3 39. Nxc3 f5 40. a4
bxa4 41. Nxa4 Kd7 42. b3 Kd6 43. Nb2 Kd5 44. Nd3 Bd6 45. Kd2 h6 46. h4 Be7 47.
Ke2 a5 48. Nb2 Nd6 49. Nd3 Nf7 50. Nb2 Nd6 51. Nd3 Bf6 52. Nde5 Ne4 53. Nc4 Bd8
54. Ncd2 Nc5 55. Kd1 Bf6 56. Kc2 Ne4 57. Nc4 Nxf2 58. Nxa5 Ke4 59. Nd4 Bxd4 60.
exd4 Nd3 61. Kc3 Nxf4 0-1

[Event "TCh-CHN 2016"]
[Site "China CHN"]
[Date "2016.12.05"]
[Round "22.4"]
[Board "2"]
[White "Yu, Kaifeng"]
[Black "Wen, Yang"]
[Result "0-1"]
[WhiteTitle "FM"]
[BlackTitle "GM"]
[WhiteElo "2220"]
[BlackElo "2614"]
[WhiteTeam "Shenzhen"]
[BlackTeam "Shandong"]
[WhiteFideId "8609667"]
[BlackFideId "8602956"]
[EventDate "2016.04.12"]

1. d4 d6 2. Nf3 g6 3. c4 Bg7 4. Nc3 e5 5. e4 Bg4 6. d5 Nd7 7. h3 Bxf3 8. Qxf3
Bh6 9. Bxh6 Nxh6 10. Qe3 Ng8 11. Bd3 Ngf6 12. Qh6 a6 13. O-O Qe7 14. b4 g5 15.
Qxg5 Nxd5 16. Qg7 Qf6 17. Qxf6 N5xf6 18. a3 c6 19. Nd1 Nh5 20. g3 Ke7 21. Ne3
Ng7 22. Rad1 a5 23. Rd2 Rhd8 24. f4 axb4 25. axb4 Ra4 26. b5 Ra3 27. Rfd1 Nc5
28. Kf2 Nge6 29. Nf5+ Kf6 30. bxc6 bxc6 31. Bb1 Rb8 32. fxe5+ dxe5 33. Kg2 Rxb1
34. Rxb1 Nxe4 35. Rd7 Kxf5 36. Rxf7+ Kg6 37. Rbf1 Nf4+ 0-1

[Event "TCh-CHN 2016"]
[Site "China CHN"]
[Date "2016.12.05"]
[Round "22.4"]
[Board "3"]
[White "Zhao, Chenxi"]
[Black "Bu, Xiangzhi"]
[Result "0-1"]
[BlackTitle "GM"]
[WhiteElo "2035"]
[BlackElo "2719"]
[WhiteTeam "Shenzhen"]
[BlackTeam "Shandong"]
[WhiteFideId "8611513"]
[BlackFideId "8601445"]
[EventDate "2016.04.12"]

1. Nf3 Nf6 2. c4 e6 3. Nc3 c5 4. d4 cxd4 5. Nxd4 Nc6 6. Ndb5 d5 7. cxd5 Nxd5 8.
e4 Nxc3 9. Qxd8+ Kxd8 10. Nxc3 Bc5 11. Bf4 Ke7 12. Rc1 b6 13. a3 Bb7 14. b4 Bd6
15. Bxd6+ Kxd6 16. Bb5 Rac8 17. Bxc6 Rxc6 18. Kd2 Ke5 19. g3 Rd8+ 20. Ke3 Rdc8
21. f4+ Kf6 22. Ne2 Rc2 23. e5+ Kg6 24. Rxc2 Rxc2 25. Rc1 Ra2 26. Rc3 h5 27. f5+
Kxf5 28. Rc7 Rxa3+ 29. Kf2 Bd5 30. Rxf7+ Ke4 31. Rxg7 Ra2 32. Rc7 a5 33. bxa5 b5
34. Ke1 b4 35. Nf4 b3 36. Nxd5 exd5 37. Rb7 b2 38. Kd1 Kd3 39. Rb3+ Kc4 40. Rb7
Kd4 0-1

[Event "TCh-CHN 2016"]
[Site "China CHN"]
[Date "2016.12.05"]
[Round "22.4"]
[Board "4"]
[White "Chu, Ruotong"]
[Black "Du, Yuxin"]
[Result "1-0"]
[WhiteElo "2078"]
[BlackElo "2074"]
[WhiteTeam "Shandong"]
[BlackTeam "Shenzhen"]
[WhiteFideId "8605653"]
[BlackFideId "8610282"]
[EventDate "2016.04.12"]

1. d4 Nf6 2. c4 e6 3. g3 c5 4. Nf3 cxd4 5. Nxd4 d5 6. Bg2 e5 7. Nb3 d4 8. O-O
Nc6 9. Bg5 Be7 10. e3 Bg4 11. Qc1 O-O 12. h3 Be6 13. Rd1 h6 14. exd4 Nxd4 15.
Nxd4 exd4 16. Be3 Qc8 17. Bxd4 Bxh3 18. Bh1 Qc7 19. b3 Rad8 20. Nc3 b6 21. Nb5
Qb8 22. Qe3 Rfe8 23. Be5 Rxd1+ 24. Rxd1 Ng4 25. Bxb8 Nxe3 26. fxe3 Rxb8 27. Nxa7
Bc5 28. Kf2 Re8 29. Re1 Rd8 30. Nb5 Rd2+ 31. Re2 Rd1 32. Bg2 Bg4 33. Bf3 Bf5 34.
Nc3 Ra1 35. g4 Bd3 36. Rd2 Bg6 37. Rd1 Rxd1 38. Bxd1 Be7 39. Nd5 Bd8 40. b4 Be4
41. Nc3 Bc6 42. Bf3 Bf6 43. Ne2 Bxf3 44. Kxf3 Be7 45. a3 Kf8 46. Ke4 Ke8 47. Nd4
Kd7 48. Kd5 Bg5 49. e4 g6 50. Nf3 Bc1 51. a4 h5 52. g5 Kc7 53. c5 bxc5 54. bxc5
h4 55. Nxh4 Bxg5 56. Nf3 Be3 57. e5 g5 58. Nh2 Bd2 59. Ng4 Kd7 60. c6+ Kc7 61.
Kc5 Bc3 62. Kb5 Bd4 63. a5 Kc8 64. Kc4 Bg1 65. Kd5 Kc7 66. a6 Ba7 67. Nh6 Kb6
68. Nxf7 g4 69. e6 g3 70. Ng5 g2 71. Nf3 1-0

[Event "TCh-CHN 2016"]
[Site "China CHN"]
[Date "2016.12.05"]
[Round "22.4"]
[Board "5"]
[White "Zhai, Mo"]
[Black "Xu, Yuze"]
[Result "0-1"]
[WhiteTitle "WGM"]
[WhiteElo "2371"]
[BlackElo "1812"]
[WhiteTeam "Shandong"]
[BlackTeam "Shenzhen"]
[WhiteFideId "8600201"]
[BlackFideId "8614466"]
[EventDate "2016.04.12"]

1. d4 Nf6 2. Bf4 d5 3. e3 Bf5 4. Nd2 e6 5. Ngf3 Nbd7 6. Be2 h6 7. h3 c5 8. c4
Qb6 9. Qc1 Rc8 10. a3 Bd6 11. dxc5 Nxc5 12. b4 Nce4 13. c5 Nxc5 14. O-O e5 15.
g4 Nb3 16. Qb2 Nxa1 17. Bxe5 Bxe5 18. Qxe5+ Be6 19. Rxa1 Qc7 20. Qb2 Qc2 21. Qd4
Qc3 22. Rd1 Qxd4 23. Nxd4 Ke7 24. N2b3 Ne4 25. Bd3 Nd6 26. f4 Bd7 27. Nc5 g6 28.
f5 gxf5 29. Nxd7 Kxd7 30. Nxf5 Rcd8 31. Bc2 Nxf5 32. Bxf5+ Kc6 33. Rc1+ Kd6 34.
Kf2 Rhe8 35. h4 Re7 36. Rd1 Rc7 37. Rd3 Ke5 38. h5 Rc2+ 39. Kf3 Rc1 40. Kg3 Rd6
41. b5 Rc4 42. Bh7 Rf6 43. Bf5 Rb6 44. Rb3 a6 45. Bd3 Ra4 46. Be2 Ra5 47. g5
hxg5 48. Kg4 Kf6 49. h6 Ra4+ 50. Kg3 Kg6 51. Rc3 Kxh6 52. Rc7 Rxa3 0-1

[Event "TCh-CHN 2016"]
[Site "China CHN"]
[Date "2016.12.05"]
[Round "22.5"]
[Board "1"]
[White "Ma, Qun"]
[Black "Fang, Yuxiang"]
[Result "1-0"]
[WhiteTitle "GM"]
[BlackTitle "IM"]
[WhiteElo "2613"]
[BlackElo "2502"]
[WhiteTeam "Hangzhou"]
[BlackTeam "Qingdao"]
[WhiteFideId "8603154"]
[BlackFideId "8605840"]
[EventDate "2016.04.12"]

1. d4 d5 2. c4 c6 3. Nc3 Nf6 4. Nf3 e6 5. Bg5 Nbd7 6. e3 Qa5 7. Nd2 dxc4 8. Bxf6
Nxf6 9. Nxc4 Qd8 10. Qb3 Nd5 11. Rc1 a5 12. a3 a4 13. Qc2 Nxc3 14. Qxc3 Be7 15.
Be2 O-O 16. O-O Bd7 17. Ne5 Qc7 18. Qc2 Rfd8 19. Bd3 g6 20. Be4 Be8 21. g3 Qa5
22. Rfd1 Rac8 23. h4 h5 24. Rd3 Bf6 25. f4 Kg7 26. Rc3 Ra8 27. Kg2 Be7 28. Nd3
Qb6 29. Nc5 Bxc5 30. Rxc5 Kg8 31. Qc3 Ra7 32. Kf2 Rda8 33. Bf3 Ra5 34. Be2 Qd8
35. Re5 Qb6 36. Rh1 Rd5 37. Rc1 Qa5 38. Qc2 Qb6 39. Qd2 Qa5 40. Rc3 Qb6 41. Rc4
Rb5 42. Rc2 Rd5 43. Bf3 Rb5 44. Rec5 Raa5 45. Qc3 Ra8 46. Be2 Rxc5 47. dxc5 Qa5
48. Qxa5 Rxa5 49. Kf3 Ra8 50. Rc4 Ra5 51. Ke4 Kf8 52. Kd4 Ke7 53. e4 Rb5 54. Rb4
e5+ 55. fxe5 Rxb4+ 56. axb4 Bd7 57. Bd1 Bh3 58. Bxa4 Bf1 59. Bd1 Bh3 60. Be2 Bd7
61. Bf1 Be8 62. Bh3 Bd7 63. Bxd7 Kxd7 64. Kc4 Ke6 65. b5 Kxe5 66. bxc6 bxc6 67.
b4 Kxe4 68. b5 1-0

[Event "TCh-CHN 2016"]
[Site "China CHN"]
[Date "2016.12.05"]
[Round "22.5"]
[Board "2"]
[White "Gao, Rui"]
[Black "Inarkiev, Ernesto"]
[Result "0-1"]
[WhiteTitle "GM"]
[BlackTitle "GM"]
[WhiteElo "2552"]
[BlackElo "2729"]
[WhiteTeam "Hangzhou"]
[BlackTeam "Qingdao"]
[WhiteFideId "8602387"]
[BlackFideId "4162722"]
[EventDate "2016.04.12"]

1. e4 e5 2. Nf3 Nc6 3. Bb5 Nf6 4. O-O Nxe4 5. Re1 Nd6 6. Nxe5 Be7 7. Bf1 Nxe5 8.
Rxe5 O-O 9. Nc3 Ne8 10. Nd5 Bd6 11. Re1 c6 12. Ne3 Be7 13. c4 Nc7 14. d4 d5 15.
cxd5 Bb4 16. Bd2 Bxd2 17. Qxd2 Nxd5 18. Nxd5 Qxd5 19. Re5 Qd6 20. Bc4 Bd7 21.
Rae1 Rae8 22. Qc3 Rxe5 23. dxe5 Qe7 24. h3 Rd8 25. Rd1 Bc8 26. Rxd8+ Qxd8 27. b4
Bf5 28. Bb3 Qd7 29. a4 b6 30. a5 Be6 31. axb6 axb6 32. Ba4 b5 33. Bc2 g6 34. Be4
Qd1+ 35. Kh2 Bd5 36. Qe3 Bxe4 37. Qxe4 Qd2 38. f4 Kf8 39. Kg3 Qc3+ 40. Kf2 h5
41. f5 gxf5 42. Qxf5 Qxb4 43. Qf6 Qd4+ 44. Kf3 Qd5+ 45. Kg3 b4 46. Qh6+ Ke8 47.
Qh8+ Kd7 48. Qb8 b3 49. Kf4 Qd4+ 50. Kg5 b2 51. Qb7+ Kd8 52. Qa8+ Ke7 53. Qa3+
Ke6 54. Qb3+ Kxe5 55. Qb8+ Kd5 56. Qb3+ Kd6 57. Qb8+ Ke7 58. Qb7+ Kf8 59. g4
hxg4 60. hxg4 Qe5+ 0-1

[Event "TCh-CHN 2016"]
[Site "China CHN"]
[Date "2016.12.05"]
[Round "22.5"]
[Board "4"]
[White "Nguyen, Thi Mai Hung"]
[Black "Gu, Tianlu"]
[Result "1-0"]
[WhiteTitle "WGM"]
[BlackTitle "WIM"]
[WhiteElo "2357"]
[BlackElo "2255"]
[WhiteTeam "Qingdao"]
[BlackTeam "Hangzhou"]
[WhiteFideId "12401676"]
[BlackFideId "8603995"]
[EventDate "2016.04.12"]

1. d4 d5 2. Bf4 c5 3. e3 Nc6 4. c3 Nf6 5. Nd2 Bf5 6. Ngf3 Qb6 7. Nh4 Bg6 8. Nxg6
hxg6 9. Rb1 Nh5 10. dxc5 Qd8 11. Nf3 e6 12. b4 Qf6 13. Qd2 e5 14. Bg3 Nxg3 15.
fxg3 e4 16. Nd4 Qe5 17. Bb5 Rc8 18. Qf2 Be7 19. Qf4 Bf6 20. Rd1 O-O 21. Qxe5
Nxe5 22. Kd2 a6 23. Be2 Rc7 24. Rb1 Ra8 25. Rhc1 Rd8 26. a4 Kf8 27. Ke1 Re8 28.
Kf2 Rce7 29. Rd1 Rc7 30. h3 Rd8 31. Rbc1 Nc6 32. Nb3 Rcd7 33. Bg4 Rc7 34. Be2
Rcd7 35. b5 axb5 36. axb5 Ne5 37. c4 dxc4 38. Rxd7 Rxd7 39. Bxc4 Nd3+ 40. Bxd3
Rxd3 41. c6 bxc6 42. bxc6 Bd8 43. Nc5 Rd2+ 44. Kf1 Bb6 45. Nd7+ Rxd7 46. cxd7
Ke7 47. Rd1 Kd8 48. Ke2 Bc7 49. g4 Be5 50. Rd5 f6 51. Kf2 g5 52. Ke2 Bc3 53. Kd1
Be5 54. Kc2 Bc7 55. Kc3 Bb6 56. Kc4 Bxe3 57. Kb5 Ba7 58. Kc6 e3 59. Ra5 Bb8 60.
Ra8 1-0

[Event "TCh-CHN 2016"]
[Site "China CHN"]
[Date "2016.12.05"]
[Round "22.5"]
[Board "5"]
[White "Hong, Xing"]
[Black "Dzagnidze, Nana"]
[Result "0-1"]
[BlackTitle "GM"]
[WhiteElo "1986"]
[BlackElo "2535"]
[WhiteTeam "Qingdao"]
[BlackTeam "Hangzhou"]
[WhiteFideId "8606129"]
[BlackFideId "13601903"]
[EventDate "2016.04.12"]

1. c4 Nf6 2. b3 e5 3. Bb2 Nc6 4. g3 Bc5 5. Bg2 O-O 6. Nc3 d6 7. d3 Bf5 8. Nf3
Qd7 9. Nd5 Nxd5 10. cxd5 Ne7 11. e4 Bh3 12. O-O Bxg2 13. Kxg2 c6 14. dxc6 Nxc6
15. d4 exd4 16. Nxd4 Bxd4 17. Bxd4 Rfe8 18. f3 d5 19. Bf2 Rad8 20. exd5 Qxd5 21.
Qxd5 Rxd5 22. Rfe1 Red8 23. Re2 f6 24. Rae1 Kf7 25. f4 R8d7 26. Rc1 a6 27. Bb6
h5 28. Rc5 Rd2 29. Kf2 Nb4 30. Rxh5 Nxa2 31. Rc5 Nb4 32. Rc4 Nc6 33. Re4 R2d5
34. Be3 Rb5 35. Rb2 Rd3 36. b4 a5 37. Bd2 Ra3 38. Ke2 axb4 39. Re3 Ra1 40. Kd3
Rd1 41. Kc4 Rh5 42. Bxb4 Rd4+ 43. Kc3 Rxb4 44. Rxb4 Nxb4 45. Kxb4 Rxh2 46. Kc5
Rd2 47. Rb3 Rd7 48. Rb6 f5 49. Kc4 g6 50. Kc3 Kg7 51. Kc4 Kh6 52. Kc3 Kh5 53.
Kc2 Rg7 54. Kd2 Kg4 55. Rb3 Re7 56. Kd1 b5 57. Kd2 Re4 58. Rxb5 Kxg3 59. Rb6
Kxf4 60. Rxg6 Kf3 61. Rh6 f4 62. Rh1 Kg2 63. Rh4 Kg3 0-1

[Event "TCh-CHN 2016"]
[Site "China CHN"]
[Date "2016.12.05"]
[Round "22.6"]
[Board "1"]
[White "Chu, Wei Chao"]
[Black "Wei, Yi"]
[Result "0-1"]
[WhiteTitle "IM"]
[BlackTitle "GM"]
[WhiteElo "2331"]
[BlackElo "2700"]
[WhiteTeam "Tianjing"]
[BlackTeam "Jiangsu"]
[WhiteFideId "8605661"]
[BlackFideId "8603405"]
[EventDate "2016.04.12"]

1. Nf3 c5 2. c4 Nc6 3. b3 e5 4. d3 e4 5. dxe4 Qf6 6. e5 Nxe5 7. Qc2 Nxf3+ 8.
exf3 Qxa1 9. Bb2 Qxa2 10. Bd3 Qa5+ 11. Nc3 d6 12. O-O Be6 13. f4 Nf6 14. f5 Bd7
15. Re1+ Kd8 16. g4 h6 17. f4 Bc6 0-1

[Event "TCh-CHN 2016"]
[Site "China CHN"]
[Date "2016.12.05"]
[Round "22.6"]
[Board "2"]
[White "Malakhov, Vladimir"]
[Black "Lin, Chen"]
[Result "1-0"]
[WhiteTitle "GM"]
[BlackTitle "GM"]
[WhiteElo "2695"]
[BlackElo "2526"]
[WhiteTeam "Tianjing"]
[BlackTeam "Jiangsu"]
[WhiteFideId "4120787"]
[BlackFideId "8602298"]
[EventDate "2016.04.12"]

1. e4 e5 2. Nf3 Nc6 3. Bc4 Bc5 4. O-O Nf6 5. d3 d6 6. c3 Bb6 7. a4 a6 8. h3 Ne7
9. Re1 Ng6 10. a5 Ba7 11. d4 O-O 12. Nbd2 exd4 13. cxd4 d5 14. exd5 Nxd5 15. Qb3
c6 16. Ne4 h6 17. Bd2 Nh4 18. Nc5 Nxf3+ 19. Qxf3 Bxc5 20. dxc5 Be6 21. Qg3 Qf6
22. Ra3 Rae8 23. Rb3 Bc8 24. Rxe8 Rxe8 25. Bxd5 cxd5 26. Rb6 Qe5 27. Qxe5 Rxe5
28. c6 Re7 29. Be3 Kh7 30. b4 Rc7 31. b5 axb5 32. cxb7 Bxb7 33. a6 Ba8 34. Rb8
d4 35. Bxd4 Rc4 36. Be3 Bc6 37. Rb6 Be8 38. a7 Ra4 39. Rb7 Kg6 40. Rc7 1-0

[Event "TCh-CHN 2016"]
[Site "China CHN"]
[Date "2016.12.05"]
[Round "22.6"]
[Board "3"]
[White "Wang, Yue"]
[Black "Yu, Ruiyuan"]
[Result "1/2-1/2"]
[WhiteTitle "GM"]
[BlackTitle "GM"]
[WhiteElo "2718"]
[BlackElo "2516"]
[WhiteTeam "Tianjing"]
[BlackTeam "Jiangsu"]
[WhiteFideId "8601429"]
[BlackFideId "8603090"]
[EventDate "2016.04.12"]

1. Nf3 d5 2. g3 Bg4 3. Bg2 Nd7 4. c4 c6 5. cxd5 cxd5 6. Nc3 e6 7. Qb3 Bxf3 8.
Bxf3 Qb6 9. Qxb6 Nxb6 10. d3 Rc8 11. Be3 Bc5 12. Bxc5 Rxc5 13. Kd2 Ne7 14. b4
Rc6 15. a4 Nf5 16. Nb5 a6 17. g4 Nh4 18. Nd4 Nxf3+ 19. Nxf3 Ke7 20. Nd4 Rc7 21.
f4 h5 22. g5 g6 23. Rhb1 Nd7 24. a5 Rhc8 25. h4 Ra8 26. Ra3 Rac8 27. Ra2 Ra8 28.
Ke3 Rac8 29. Raa1 Ra8 30. Nb3 Rac8 31. Nc5 Nb8 32. Ra3 Nc6 33. Na4 Na7 34. Nb6
Rd8 35. Raa1 Rd6 36. Na4 Nb5 37. Nc5 Rd8 38. Rc1 Nd6 39. Kf2 Nf5 40. Nb3 1/2-1/2

[Event "TCh-CHN 2016"]
[Site "China CHN"]
[Date "2016.12.05"]
[Round "22.6"]
[Board "4"]
[White "Guo, Qi"]
[Black "Ni, Shiqun"]
[Result "1/2-1/2"]
[WhiteTitle "IM"]
[BlackTitle "WGM"]
[WhiteElo "2436"]
[BlackElo "2363"]
[WhiteTeam "Jiangsu"]
[BlackTeam "Tianjing"]
[WhiteFideId "8604002"]
[BlackFideId "8608466"]
[EventDate "2016.04.12"]

1. d4 Nf6 2. c4 g6 3. Nc3 d5 4. cxd5 Nxd5 5. e4 Nxc3 6. bxc3 Bg7 7. Nf3 c5 8.
Bb5+ Nc6 9. O-O O-O 10. Be3 cxd4 11. cxd4 Bg4 12. Bxc6 bxc6 13. Rc1 Bxf3 14.
Qxf3 Bxd4 15. Rfd1 e5 16. Rxc6 Qe8 17. Rdc1 Bxe3 18. Qxe3 Qd7 19. g3 a6 20. Qc3
Rfe8 21. Qc4 Qd4 22. Kg2 Rad8 23. Rc7 Qxc4 24. R1xc4 Rd6 25. Rc3 Rd4 26. Rf3 Rf8
27. Ra3 Rxe4 28. Rxa6 Re2 29. Raa7 Kg7 30. a4 Ra2 31. a5 Kf6 32. Kf3 h5 33. h4
Ke6 34. Re7+ Kf6 35. a6 Rxa6 36. Rxf7+ Rxf7 37. Rxa6+ Kf5 38. Ra8 Rf6 39. Ke3
Rf7 40. f3 Rf6 41. Rb8 Rf7 42. Rb4 Ra7 43. g4+ hxg4 44. fxg4+ Kf6 45. Rb6+ Kf7
46. Ke4 Ra4+ 47. Kxe5 Rxg4 48. Rb7+ Kg8 49. Kf6 Rxh4 50. Kxg6 Rg4+ 1/2-1/2

[Event "TCh-CHN 2016"]
[Site "China CHN"]
[Date "2016.12.05"]
[Round "22.6"]
[Board "5"]
[White "Yuan, Ye"]
[Black "Xiao, Yiyi"]
[Result "1-0"]
[BlackTitle "WFM"]
[WhiteElo "2212"]
[BlackElo "2222"]
[WhiteTeam "Jiangsu"]
[BlackTeam "Tianjing"]
[WhiteFideId "8608415"]
[BlackFideId "8606161"]
[EventDate "2016.04.12"]

1. d4 Nf6 2. c4 e6 3. Nc3 Bb4 4. Qc2 O-O 5. a3 Bxc3+ 6. Qxc3 b6 7. Bg5 Bb7 8. e3
d6 9. Ne2 Nbd7 10. Qc2 c5 11. Rd1 Qc7 12. Nc3 cxd4 13. Rxd4 a6 14. Be2 Rac8 15.
O-O h6 16. Bh4 e5 17. Rd2 d5 18. cxd5 Nxd5 19. Qf5 Nxc3 20. bxc3 Nc5 21. Rfd1
Be4 22. Qg4 Kh7 23. f3 f5 24. Qh3 Bc6 25. Rd6 Rce8 26. Qg3 Re6 27. Bd8 Qxd6 28.
Rxd6 Rxd6 29. Bxb6 Nd7 30. Ba5 Rg6 31. Qe1 Nf6 32. c4 Kh8 33. Bc3 Re8 34. Qa1
Nd7 35. Kf2 Rd6 36. Bb4 Rde6 37. Qd1 Nb8 38. Qc2 Rf6 39. Bc3 Nd7 40. Bd3 Ref8
41. Bb4 R8f7 42. c5 Bd5 43. e4 fxe4 44. Bxe4 Bc6 45. Ke3 Bxe4 46. Qxe4 a5 47.
Qa8+ Rf8 48. Qxa5 Nb8 49. Qb5 Nc6 50. Bc3 Rb8 51. Qc4 Nd4 52. Bxd4 exd4+ 53. Kd3
Ra8 54. Qxd4 Rxa3+ 55. Ke4 Ra8 56. Qd7 Rff8 57. c6 Rae8+ 58. Kd5 Rd8 59. Kd6 Kg8
60. c7 Rxd7+ 61. Kxd7 Kf7 62. c8=Q Rxc8 63. Kxc8 Ke6 64. Kc7 Ke5 65. g3 g5 66.
Kd7 Kd4 67. Ke6 Ke3 68. Kf5 Kxf3 69. Kg6 Kg2 70. Kxh6 Kxh2 71. g4 1-0